| 000 | 00869nam0a22002531 4500 | ||
|---|---|---|---|
| 001 | rc\1023941 | ||
| 005 | 20250622082418.0 | ||
| 035 | _a(NLR Aleph) 006188298 | ||
| 090 |
_a6139012 _c6139012 |
||
| 100 | _a20041129d1981 |||y0rusy50 ca | ||
| 101 | 0 | _arus | |
| 102 | _aRU | ||
| 105 | _ay ||||||||| | ||
| 200 | 1 |
_aПод острым лучом _eВ помощь активистам "Комс. прожектора" _e[Сборник _fСост. Е.П. Гноевой] |
|
| 210 |
_aКиев _cМолодь _d1981 |
||
| 215 |
_a143 с. _d16 |
||
| 225 | 1 | _aБиблиотека комсомольского активиста | |
| 320 | _aБиблиогр.: с. 131-134, 138-142 | ||
| 702 | 1 |
_aГноевой _bЕ.П. _gЕвгений Петрович _4220 |
|
| 801 | 0 |
_aRU _bNLR _gpsbo |
|
| 801 | 1 |
_aRU _bELAR _2rusmarc |
|
| 852 |
_aNLR _j82-2/1241 |
||
| 942 | _cBOOK | ||
| 980 | _aNB | ||